Software for emulating the sampled values transmission in accordance with IEC 61850 standard; 2nd International Symposium on Computer, Communication, Control and Automation
| Parent link: | 2nd International Symposium on Computer, Communication, Control and Automation.— 2013.— [P. 478-481] |
|---|---|
| Autor Corporativo: | |
| Otros Autores: | , , , |
| Sumario: | Title screen At present there is an exigency in both software and hardware for emulation of measured sampled values transmission of electrical power parameters in order to test the digital substation equipment. Necessary software emulators implementing full functionality described in the standard IEC 61850 are still not exist. In the paper the software for emulating the transmission of measured sampled values in accordance with IEC 61850-9-2 and IEC 61850-9-2 LE is presented. It emulates transmission of sampled values at 80 or256 samples per period for phase and neutral line sinusoidal currents and voltages and testing of digital substation equipment. |
| Lenguaje: | inglés |
| Publicado: |
2013
|
| Materias: | |
| Acceso en línea: | http://dx.doi.org/10.2991/3ca-13.2013.116 http://www.atlantis-press.com/php/download_paper.php?id=10232 |
| Formato: | Electrónico Capítulo de libro |
| KOHA link: | https://koha.lib.tpu.ru/cgi-bin/koha/opac-detail.pl?biblionumber=641936 |
MARC
| LEADER | 00000naa0a2200000 4500 | ||
|---|---|---|---|
| 001 | 641936 | ||
| 005 | 20250603144314.0 | ||
| 035 | |a (RuTPU)RU\TPU\network\6867 | ||
| 090 | |a 641936 | ||
| 100 | |a 20150609d2013 k y0engy50 ba | ||
| 101 | 0 | |a eng | |
| 102 | |a RU | ||
| 135 | |a drcn ---uucaa | ||
| 181 | 0 | |a i | |
| 182 | 0 | |a b | |
| 200 | 1 | |a Software for emulating the sampled values transmission in accordance with IEC 61850 standard |f P. F. Baranov [et al.] | |
| 203 | |a Text |c electronic | ||
| 300 | |a Title screen | ||
| 320 | |a [References: p. 481 (15 tit.)] | ||
| 330 | |a At present there is an exigency in both software and hardware for emulation of measured sampled values transmission of electrical power parameters in order to test the digital substation equipment. Necessary software emulators implementing full functionality described in the standard IEC 61850 are still not exist. In the paper the software for emulating the transmission of measured sampled values in accordance with IEC 61850-9-2 and IEC 61850-9-2 LE is presented. It emulates transmission of sampled values at 80 or256 samples per period for phase and neutral line sinusoidal currents and voltages and testing of digital substation equipment. | ||
| 463 | |t 2nd International Symposium on Computer, Communication, Control and Automation |o Proceedings, December 1-2, 2013, Singapore |v [P. 478-481] |d 2013 | ||
| 610 | 1 | |a электронный ресурс | |
| 610 | 1 | |a труды учёных ТПУ | |
| 701 | 1 | |a Baranov |b P. F. |c specialist in the field of control and measurement equipment |c Associate Professor of Tomsk Polytechnic University, Candidate of technical sciences |f 1987- |g Pavel Fedorovich |3 (RuTPU)RU\TPU\pers\34618 |9 17980 | |
| 701 | 1 | |a Muravyov (Murav’ev) |b S. V. |c specialist in the field of control and measurement equipment |c Professor of Tomsk Polytechnic University,Doctor of technical sciences |f 1954- |g Sergey Vasilyevich |3 (RuTPU)RU\TPU\pers\31262 |9 15440 | |
| 701 | 1 | |a Sulaymanov |b A. O. |c specialist in the field of electric power engineering |c Associate Professor of Tomsk Polytechnic University, Candidate of technical sciences |f 1967- |g Almaz Omurzakovich |3 (RuTPU)RU\TPU\pers\32884 |9 16732 | |
| 701 | 1 | |a Khudonogova |b L. I. |c specialist in the field of informatics and computer technology |c Associate Professor of Tomsk Polytechnic University, Candidate of Technical Sciences |f 1989- |g Ludmila Igorevna |3 (RuTPU)RU\TPU\pers\32893 |9 16741 | |
| 712 | 0 | 2 | |a Национальный исследовательский Томский политехнический университет (ТПУ) |b Институт кибернетики (ИК) |b Кафедра компьютерных измерительных систем и метрологии (КИСМ) |3 (RuTPU)RU\TPU\col\18706 |
| 801 | 2 | |a RU |b 63413507 |c 20150618 |g RCR | |
| 850 | |a 63413507 | ||
| 856 | 4 | |u http://dx.doi.org/10.2991/3ca-13.2013.116 | |
| 856 | 4 | |u http://www.atlantis-press.com/php/download_paper.php?id=10232 | |
| 942 | |c CF | ||